<?xml version="1.0" encoding="UTF-8"?>
<record
    xmlns:xsi="http://www.w3.org/2001/XMLSchema-instance"
    xsi:schemaLocation="http://www.loc.gov/MARC21/slim http://www.loc.gov/standards/marcxml/schema/MARC21slim.xsd"
    xmlns="http://www.loc.gov/MARC21/slim">

  <leader>01115nam a22001937a 4500</leader>
  <controlfield tag="005">20240321144525.0</controlfield>
  <datafield tag="010" ind1=" " ind2=" ">
    <subfield code="a">B-758111-114</subfield>
  </datafield>
  <datafield tag="020" ind1=" " ind2=" ">
    <subfield code="c">325.00</subfield>
    <subfield code="a">9789355322562</subfield>
  </datafield>
  <datafield tag="035" ind1=" " ind2=" ">
    <subfield code="a">B-758111-114</subfield>
  </datafield>
  <datafield tag="082" ind1=" " ind2=" ">
    <subfield code="a">333.7924</subfield>
  </datafield>
  <datafield tag="100" ind1=" " ind2=" ">
    <subfield code="a">&#x905;&#x936;&#x94B;&#x915; &#x915;&#x941;&#x92E;&#x93E;&#x930; </subfield>
    <subfield code="9">63790</subfield>
  </datafield>
  <datafield tag="245" ind1=" " ind2=" ">
    <subfield code="a">&#x92D;&#x93E;&#x930;&#x924; &#x915;&#x940; &#x906;&#x924;&#x930;&#x93F;&#x915; &#x938;&#x941;&#x930;&#x915;&#x94D;&#x937;&#x93E; &#x915;&#x940; &#x92E;&#x941;&#x916;&#x94D;&#x92F; &#x91A;&#x941;&#x928;&#x94C;&#x924;&#x93F;&#x92F;&#x93E;/</subfield>
    <subfield code="c">&#x905;&#x936;&#x94B;&#x915; &#x915;&#x941;&#x92E;&#x93E;&#x930; &#x914;&#x930; &#x935;&#x93F;&#x92A;&#x941;&#x932; &#x905;&#x928;&#x947;&#x915;&#x93E;&#x902;&#x924;  </subfield>
  </datafield>
  <datafield tag="260" ind1=" " ind2=" ">
    <subfield code="a">Chennai</subfield>
    <subfield code="b">McGraw Hill</subfield>
    <subfield code="c">2022</subfield>
  </datafield>
  <datafield tag="270" ind1=" " ind2=" ">
    <subfield code="a">Anjana Complex No. 5/90A, Butt Road, St. Thomas Mount, Chennai</subfield>
    <subfield code="b">Chennai</subfield>
    <subfield code="e">600016</subfield>
  </datafield>
  <datafield tag="300" ind1=" " ind2=" ">
    <subfield code="a">&#x935;&#x93F;&#x935;&#x93F;&#x927;  &#x92A;&#x943;&#x937;&#x94D;&#x91F;.; </subfield>
    <subfield code="c">23&#x938;&#x947;&#x92E;&#x940; (&#x905;&#x91C;&#x93F;&#x932;&#x94D;&#x926;)</subfield>
  </datafield>
  <datafield tag="700" ind1=" " ind2=" ">
    <subfield code="a">&#x905;&#x928;&#x947;&#x915;&#x93E;&#x902;&#x924;, &#x935;&#x93F;&#x92A;&#x941;&#x932; </subfield>
    <subfield code="9">59665</subfield>
    <subfield code="e">&#x926;&#x942;&#x938;&#x930;&#x93E; &#x932;&#x947;&#x916;&#x915; </subfield>
  </datafield>
  <datafield tag="942" ind1=" " ind2=" ">
    <subfield code="2">ddc</subfield>
    <subfield code="c">HN</subfield>
    <subfield code="e">&#x905;&#x936;&#x94B;&#x915;</subfield>
    <subfield code="m">333.7924</subfield>
  </datafield>
  <datafield tag="999" ind1=" " ind2=" ">
    <subfield code="c">200176</subfield>
    <subfield code="d">200176</subfield>
  </datafield>
  <datafield tag="952" ind1=" " ind2=" ">
    <subfield code="0">0</subfield>
    <subfield code="1">0</subfield>
    <subfield code="4">0</subfield>
    <subfield code="7">0</subfield>
    <subfield code="8">NFIC</subfield>
    <subfield code="a">L</subfield>
    <subfield code="b">L</subfield>
    <subfield code="d">2024-03-21</subfield>
    <subfield code="e">&#x92A;&#x94D;&#x930;&#x917;&#x924;&#x93F; &#x92A;&#x92C;&#x94D;&#x932;&#x93F;&#x915;&#x947;&#x936;&#x928; /26/17.1.24/168/9.1.24/25.1.24</subfield>
    <subfield code="g">325.00</subfield>
    <subfield code="l">1</subfield>
    <subfield code="o">333.7924</subfield>
    <subfield code="p">B-758111</subfield>
    <subfield code="r">2024-06-03 00:00:00</subfield>
    <subfield code="s">2024-05-29</subfield>
    <subfield code="t">1</subfield>
    <subfield code="v">325.00</subfield>
    <subfield code="w">2024-03-21</subfield>
    <subfield code="y">HN</subfield>
  </datafield>
  <datafield tag="952" ind1=" " ind2=" ">
    <subfield code="0">0</subfield>
    <subfield code="1">0</subfield>
    <subfield code="4">0</subfield>
    <subfield code="7">0</subfield>
    <subfield code="8">NFIC</subfield>
    <subfield code="a">M</subfield>
    <subfield code="b">M</subfield>
    <subfield code="d">2024-03-21</subfield>
    <subfield code="e">&#x92A;&#x94D;&#x930;&#x917;&#x924;&#x93F; &#x92A;&#x92C;&#x94D;&#x932;&#x93F;&#x915;&#x947;&#x936;&#x928; /26/17.1.24/168/9.1.24/25.1.24</subfield>
    <subfield code="g">325.00</subfield>
    <subfield code="l">0</subfield>
    <subfield code="o">333.7924</subfield>
    <subfield code="p">B-758112</subfield>
    <subfield code="r">2024-03-21 00:00:00</subfield>
    <subfield code="t">1</subfield>
    <subfield code="v">325.00</subfield>
    <subfield code="w">2024-03-21</subfield>
    <subfield code="y">HN</subfield>
  </datafield>
  <datafield tag="952" ind1=" " ind2=" ">
    <subfield code="0">0</subfield>
    <subfield code="1">0</subfield>
    <subfield code="4">0</subfield>
    <subfield code="7">0</subfield>
    <subfield code="8">NFIC</subfield>
    <subfield code="a">JP</subfield>
    <subfield code="b">JP</subfield>
    <subfield code="d">2024-03-21</subfield>
    <subfield code="e">&#x92A;&#x94D;&#x930;&#x917;&#x924;&#x93F; &#x92A;&#x92C;&#x94D;&#x932;&#x93F;&#x915;&#x947;&#x936;&#x928; /26/17.1.24/168/9.1.24/25.1.24</subfield>
    <subfield code="g">325.00</subfield>
    <subfield code="l">0</subfield>
    <subfield code="o">333.7924</subfield>
    <subfield code="p">B-758113</subfield>
    <subfield code="r">2024-03-21 00:00:00</subfield>
    <subfield code="t">1</subfield>
    <subfield code="v">325.00</subfield>
    <subfield code="w">2024-03-21</subfield>
    <subfield code="y">HN</subfield>
  </datafield>
  <datafield tag="952" ind1=" " ind2=" ">
    <subfield code="0">0</subfield>
    <subfield code="1">0</subfield>
    <subfield code="4">0</subfield>
    <subfield code="7">0</subfield>
    <subfield code="8">NFIC</subfield>
    <subfield code="a">BL4</subfield>
    <subfield code="b">BL4</subfield>
    <subfield code="d">2024-03-21</subfield>
    <subfield code="e">&#x92A;&#x94D;&#x930;&#x917;&#x924;&#x93F; &#x92A;&#x92C;&#x94D;&#x932;&#x93F;&#x915;&#x947;&#x936;&#x928; /26/17.1.24/168/9.1.24/25.1.24</subfield>
    <subfield code="g">325.00</subfield>
    <subfield code="l">0</subfield>
    <subfield code="o">333.7924</subfield>
    <subfield code="p">B-758114</subfield>
    <subfield code="r">2024-03-21 00:00:00</subfield>
    <subfield code="t">1</subfield>
    <subfield code="v">325.00</subfield>
    <subfield code="w">2024-03-21</subfield>
    <subfield code="y">HN</subfield>
  </datafield>
</record>
